00790nam a22002057a 4500999001900000005001700019010001500036020002700051035001400078037001400092082001200106100002100118245008100139260005500220270008900275300002500364500004300389942002600432952012600458 c159409d15940920181217115525.0 aENG-124552 c1050.00a9789352808113 aEN-108084 bDBAD/PUB. a320.954 aRao, N. Bhaskara aSustainable good governance, development and democracy /cby N. Bhaskara Rao aNew DelhibSage Publications India Pvt. Ltd.c2019 aB1/I-1, Mohan Cooperative Industrial Area Mathura Road Post Bag 7bNew Delhie110044 axiv,285p.c21cm.(Hb) aIt includes index and about the author 2ddccENmRAOh320.954 001040718NFICaDBADbBNd2018-12-17eDBAD/PUBg1050.00l0o320.954 RAOpEN-108084r2018-12-17 00:00:00t1v1050.00yEN